00345pab a2200121 454500008004000000100002000040245006300060260000900123300001000132362000900142650002900151773004300180180718b1987 xxu||||| |||| 00| 0 eng d aJones, Garth N. aEquity in Pakistan's public servicebThe Ahmaddiyyat issue c1987 a74-97 aJune aCivil Service - Pakistan aAsian Journal of Public Administration